• 首页
  • 本馆介绍
  • 公告通知
  • 最新文献
  • 馆藏检索
  • 电子资源
  • 读者导购
  • 参考咨询
  • 我的图书馆
  • 登录
  • 详细信息显示
  • 放入我的书架
  • 预约/预借图书
  • 作者相关作品
  • 分类相关作品
  • 丛书相关作品
  • 出版社相关作品

书目信息

  • 表格格式
  • 工作单格式
  • 卡片格式
题名:
人力资源开发与薪酬绩效管理研究
    
 
作者: 王铮, , 杨夏薇, , 潘元, 著
分册:  
出版信息: 北京   中国纺织出版社有限公司  2021.01
页数: 204页
开本: 24cm
丛书名:
单 册:
中图分类: F241 , F243
科图分类:
主题词: 人力资源开发--ren li zi yuan kai fa , 人力资源管理--ren li zi yuan guan li
电子资源:
ISBN: 978-7-5180-8166-0
000 01201nam0 2200301 450
001 CAL 0120141439631
005 20230217093112.0
010    @a978-7-5180-8166-0@dCNY59.00
100    @a20210112d2021 em y0chiy0120 ea
101 0  @achi
102    @aCN@b110000
105    @aa a 000yy
106    @ar
200 1  @a人力资源开发与薪酬绩效管理研究@Aren li zi yuan kai fa yu xin chou ji xiao guan li yan jiu@f王铮, 杨夏薇, 潘元著
210    @a北京@c中国纺织出版社有限公司@d2021.01
215    @a204页@c图@d24cm
314    @a王铮, 湘潭大学工商管理学科人力资源管理方向硕士。杨夏薇, 澳大利亚中央昆士兰大学市场营销学硕士。潘元, 河北经贸大学文学、管理学双学士。
320    @a有书目 (第202-203页)
330    @a本书分八章, 内容包括: 人力资源管理概述 ; 人力资源开发与管理的基本原理 ; 人力资源开发技术 ; 人力资源开发途径探究 ; 人力资源管理之薪酬管理等。
606 0  @a人力资源开发@Aren li zi yuan kai fa
606 0  @a人力资源管理@Aren li zi yuan guan li
690    @aF241@v5
690    @aF243@v5
701  0 @a王铮,@Awang zheng@f1982-@4著
701  0 @a杨夏薇,@Ayang xia wei@f1978-@4著
701  0 @a潘元,@Apan yuan@f1982-@4著
801  0 @aCN@bBJXHZP@c20230228
905    @b1396875-8@dF241@e977@f4
    
    人力资源开发与薪酬绩效管理研究/王铮, 杨夏薇, 潘元著.-北京:中国纺织出版社有限公司,2021.01
    204页:图;24cm
    
    
    ISBN 978-7-5180-8166-0:CNY59.00
    本书分八章, 内容包括: 人力资源管理概述 ; 人力资源开发与管理的基本原理 ; 人力资源开发技术 ; 人力资源开发途径探究 ; 人力资源管理之薪酬管理等。
●
相关链接 在E读中查询图书 在五车中查询图书 在当当中查询图书 在豆瓣中查询图书


正题名:人力资源开发与薪酬绩效管理研究     索取号:F241/977         预约/预借

序号 登录号 条形码 馆藏地/架位号 状态 备注
1 1396875   213968759   第一样本阅览室/ [索取号:F241/977] 在馆    
2 1396876   213968768   第一借阅区/ [索取号:F241/977] 在馆    
3 1396877   213968777   第一借阅区/ [索取号:F241/977] 在馆    
4 1396878   213968786   第一借阅区/ [索取号:F241/977] 在馆    
唐山师范学院图书馆 欢迎您!
大连网信软件有限公司© 版权所有